| 000 | 01132cam a22003011 4500 | ||
|---|---|---|---|
| 001 | 1731 | ||
| 003 | BD-RjUL | ||
| 005 | 20211208233411.0 | ||
| 008 | 131209s1962 nyua b 001 0 eng | ||
| 035 | _a(BD-RjUL)1758 | ||
| 040 |
_aDLC _cDLC _dDLC _dBD-RjUL _beng |
||
| 041 | _aeng | ||
| 082 | 0 | 0 |
_a301.15 _216 _bKRI 1962 |
| 100 | 1 |
_aKrech, David. _95729 |
|
| 245 | 1 | 0 |
_aIndividual in society : _bA textbook of social psychology / _cDavid Krech, Richard S. Crutchfield, and Egerton L. Ballachey. |
| 260 |
_aNew York : _bMcGraw-Hill , _cc1962. |
||
| 300 |
_a564 p. : _billus. ; _c24 cm. |
||
| 500 | _aPublished in 1948 under title: Theory and problems of social psychology. | ||
| 504 | _aIncludes bibliographical references and index. | ||
| 650 | 0 |
_aSocial psychology. _95730 |
|
| 700 |
_aCrutchfield, Richard S. _95731 |
||
| 700 |
_aBallachey, Egerton L. _95732 |
||
| 856 | _uhttp://www.worldcat.org/title/individual-in-society-a-textbook-of-social-psychology/oclc/255072&referer=brief_results | ||
| 942 |
_2ddc _cBK _02 |
||
| 999 |
_c1731 _d1731 |
||